00501nam a2200157Ia 4500008004100000020001500041041000800056082001600064100002300080245014400103250000600247260005800253300001300311440000700324650001200331210716s2005 xx 000 0 und d a8126904437 aeng a332.12 KHAP aKhanna, Perminder. aAdvanced study in money and banking: theory and policy relevance in the Indian economy.bTheory and policy relevance in the Indian economy. a1 aNew DelhibAtlantic Publishers and Distributorsc2005 axxii,836 vII aBanking